Using gender-sensitive indicators: (Record no. 369)

MARC details
000 -LEADER
fixed length control field 010740000a22002410004500
003 - CONTROL NUMBER IDENTIFIER
control field LK-CoMWRAF
005 - DATE AND TIME OF LATEST TRANSACTION
control field 20240203101543.0
008 - FIXED-LENGTH DATA ELEMENTS--GENERAL INFORMATION
fixed length control field 230817t1999 ||||| |||| 00| 0 eng d
020 ## - INTERNATIONAL STANDARD BOOK NUMBER
International Standard Book Number 0850925959
040 ## - CATALOGING SOURCE
Original cataloging agency LK-CoMWRAF
Modifying agency LK-CoMWRAF
Description conventions LK-CoMWRAF
041 ## - LANGUAGE CODE
Language code of text/sound track or separate title English
082 ## - DEWEY DECIMAL CLASSIFICATION NUMBER
Classification number 305.3
Item number BEC
942 ## - ADDED ENTRY ELEMENTS (KOHA)
Koha item type Books
100 ## - MAIN ENTRY--PERSONAL NAME
Personal name Beck, Tony
245 ## - TITLE STATEMENT
Title Using gender-sensitive indicators:
Remainder of title a reference manual for governments and other stakeholders
260 ## - PUBLICATION, DISTRIBUTION, ETC. (IMPRINT)
Place of publication, distribution, etc. London:
Name of publisher, distributor, etc. Commonwealth Secretariat,
Date of publication, distribution, etc. 1999
300 ## - PHYSICAL DESCRIPTION
Extent 64 pages ; 30 cm
Other physical details Bibliography included
490 ## - SERIES STATEMENT
Series statement Gender Management System
520 ## - SUMMARY, ETC.
Summary, etc. This is one of the sectoral guides which help to make up the Gender Management System (GMS) resource kit. GMS is an innovative system developed by the Commonwealth Secretariat for gender mainstreaming. This guide deals with the matter of gender-sensitive indicators and how to use them.
856 ## - ELECTRONIC LOCATION AND ACCESS
Uniform Resource Identifier <a href="https://www.thecommonwealth-ilibrary.org/index.php/comsec/catalog/view/1062/1058/9441">https://www.thecommonwealth-ilibrary.org/index.php/comsec/catalog/view/1062/1058/9441</a>
650 ## - SUBJECT ADDED ENTRY--TOPICAL TERM
Topical term or geographic name as entry element GENDER-Social indicators
650 ## - SUBJECT ADDED ENTRY--TOPICAL TERM
Topical term or geographic name as entry element Sex discrimination
Holdings
Withdrawn status Lost status Damaged status Not for loan Permanent Location Current Location Date acquired Full call number Barcode Koha item type
        Resource center, Muslim Women's Research And Action Forum Resource center, Muslim Women's Research And Action Forum 2023-08-17 305.3 BEC RAF423 Books

Copyright © 2023 Muslim Women's Research and Action Forum (MWRAF), No 27/3, Anderson Road, Kalubowila, Dehiwela. Funded by The Asia Fundation